000 00327nam a22001457a 4500
005 20230607170428.0
008 230607b |||||||| |||| 00| 0 eng d
020 _a9780140280197
082 _a621.3815
_bGRE-P
100 _aGreene Robert
245 _aPower
260 _aIndia
_c1998
650 _aEngineering
999 _c18640
_d18640